Teoria da nulidade no processo penal

Detalles Bibliográficos
Autor principal: Rodrigues Alencar, Rosmar
Formato: eBook
Lenguaje:portugués
Publicado: San Pablo: Editora Noeses, 2016
Materias:
Acceso en línea:Acceso restringido

MARC

LEADER 00000nam a22000007a 4500
005 20210803223114.0
007 cr|||| ||||
008 210803s2016 br |||||s|||| 00||0 por d
020 |a 978-85-203-8310-064- 
035 |a 33628 
040 |a vLex 
090 |c 11881  |d 11881 
100 1 |a Rodrigues Alencar, Rosmar 
245 1 0 |a Teoria da nulidade no processo penal  |h [Recurso electrn̤ico] /  |c Rosmar Rodrigues Alencar 
256 |a Servicio en ln̕ea 
260 |a San Pablo:  |b Editora Noeses,  |c 2016 
300 |a 1 recurso electrn̤ico 
506 1 |a Disponible solo en los productos indicados  |d vLex Global  |d vLex Global (Academic Edition, excluding Law Schools)  |d vLex Global (U.S. Academic Edition, Law Schools)  |d vLex Global (U.S. Academic Edition, excluding Law Schools)  |d vLex Global (Academic Edition, Law Schools) 
650 0 4 |a Derecho Penal  |z Brasil 
740 0 |a vLex Libros (Servicio en ln̕ea) 
856 4 0 |u https://app.vlex.com/#/sources/33628  |z Acceso restringido 
942 |c BOOK 
999 0 |a Criminal law